[Event "XXV Weekend B"]
[Site "Robecchetto con Induno ITA"]
[Date "2014.12.29"]
[Round "5"]
[White "Frignani, Alessandro"]
[Black "Gonella, Graziano"]
[WhiteElo "1389"]
[BlackElo "1174"]
[Result "0-1"]
[PlyCount "126"]
[EventDate "2014.12.26"]

1. e4 e5 2. Bc4 Nf6 3. Qf3 Bc5 4. Nc3 O-O 5. h3 Nc6 6. Nge2 Na5 7. Bd3 a6 8. a3
Bb6 9. b3 c5 10. Bb2 d6 11. Nd5 Ba7 12. Nec3 Nc6 13. Nxf6+ Qxf6 14. Qxf6 gxf6
15. Nd5 Kg7 16. Be2 Be6 17. Ne3 Ne7 18. c4 Rab8 19. Bc3 b5 20. g4 Ng6 21. Ng2
Rb7 22. O-O bxc4 23. bxc4 Rfb8 24. Bd3 Ne7 25. Rfb1 Rxb1+ 26. Rxb1 Rxb1+ 27.
Bxb1 Bxc4 28. Ba5 d5 29. Ne3 d4 30. Nc2 d3 31. Ne3 Nc6 32. Bc3 Bb3 33. Kf1 c4
34. Nf5+ Kg6 35. h4 h5 36. f3 Bc2 37. Ba2 Bb3 38. Bxb3 cxb3 39. Ke1 Bc5 40. Bb2
Nd4 41. gxh5+ Kxh5 42. Ng7+ Kxh4 43. Ne8 Nc2+ 44. Kd1 Nxa3 45. Nxf6 Kg3 46.
Bxe5+ Kxf3 47. Bc3 Nb1 48. Kc1 Nxc3 49. dxc3 Ba3+ 50. Kd2 b2 51. Kxd3 b1=Q+ 52.
Kc4 Qb5+ 53. Kd4 Bc5+ 54. Ke5 Be7+ 55. Nd5 Qc6 56. Kd4 Qa4+ 57. c4 Qa1+ 58. Kd3
Qe5 59. Nc3 Bc5 60. Nb1 Qd4+ 61. Kc2 Qxc4+ 62. Kd1 Qa2 63. Nd2+ Kf2 0-1

[Event "XXV Weekend B"]
[Site "Robecchetto con Induno ITA"]
[Date "2014.12.29"]
[Round "5"]
[White "Loaldi, Davide"]
[Black "Vignati, Andrea"]
[WhiteElo "1590"]
[BlackElo "1490"]
[Result "1/2-1/2"]
[PlyCount "71"]
[EventDate "2014.12.26"]

1. d4 d5 2. Nf3 Nf6 3. e3 Bg4 4. c4 e6 5. Qb3 b6 6. Ne5 Bd6 7. Nc3 Bf5 8. cxd5
Nxd5 9. Bb5+ Kf8 10. Nxd5 exd5 11. Bd2 Bxe5 12. dxe5 c6 13. Be2 Nd7 14. Qb4+
Qe7 15. Qxe7+ Kxe7 16. Bc3 Ke6 17. f4 Be4 18. O-O f6 19. exf6 Nxf6 20. Rac1 c5
21. g4 Kf7 22. g5 Nd7 23. f5 Rhg8 24. Bf3 h6 25. Bxe4 dxe4 26. g6+ Ke7 27. Rf4
Nf6 28. Bxf6+ Kxf6 29. b4 Rac8 30. bxc5 bxc5 31. Rc4 Rge8 32. h4 h5 33. Ra4 Rc7
34. Ra6+ Ke5 35. Ra5 Kf6 36. Ra6+ 1/2-1/2

[Event "XXV Weekend B"]
[Site "Robecchetto con Induno ITA"]
[Date "2014.12.29"]
[Round "5"]
[White "Madaschi, Sergio"]
[Black "Cavagna, Marco"]
[WhiteElo "1498"]
[BlackElo "1516"]
[Result "1-0"]
[PlyCount "97"]
[EventDate "2014.12.26"]

1. d4 d5 2. c4 Nf6 3. Nc3 e6 4. e3 Bb4 5. Qc2 O-O 6. Bd2 Nbd7 7. Nf3 c5 8. Bd3
Re8 9. O-O b6 10. a3 Bxc3 11. Bxc3 Bb7 12. cxd5 exd5 13. Rfe1 c4 14. Bf1 b5 15.
g3 Ne4 16. Bg2 Ndf6 17. Nd2 Nxd2 18. Bxd2 Ne4 19. Bc3 a5 20. f3 Nxc3 21. bxc3
g6 22. e4 Qb6 23. Rab1 a4 24. Qb2 Bc6 25. Re2 Rab8 26. Rbe1 Qd8 27. e5 Bd7 28.
g4 Be6 29. h3 h6 30. Qd2 Kg7 31. f4 f5 32. gxf5 Bxf5 33. e6 Qd6 34. Re5 Bxe6
35. Bxd5 Bd7 36. Rxe8 Rxe8 37. Rxe8 Bxe8 38. Bg2 Qxa3 39. Qe3 Qf8 40. d5 a3 41.
Qd2 Qd6 42. Qd4+ Kg8 43. Qd2 Qa6 44. Qa2 Qa4 45. Qa1 Qb3 46. d6 Qb2 47. Bd5+
Kf8 48. Qe1 a2 49. Qe7# 1-0

[Event "XXV Weekend B"]
[Site "Robecchetto con Induno ITA"]
[Date "2014.12.29"]
[Round "5"]
[White "Minore, Antonino"]
[Black "Cella, Pietro"]
[WhiteElo "1291"]
[BlackElo "1466"]
[Result "0-1"]
[PlyCount "62"]
[EventDate "2014.12.26"]

1. Nf3 d5 2. b3 c5 3. Bb2 Nc6 4. e3 e6 5. Bb5 Bd7 6. O-O Nf6 7. Bxc6 Bxc6 8.
Ne5 Rc8 9. d4 Bd6 10. Nd2 O-O 11. Ndf3 Ne4 12. Nd2 Nxd2 13. Qxd2 cxd4 14. Bxd4
Bb5 15. Rfc1 Ba3 16. Rd1 f6 17. Nd3 Rf7 18. b4 Rfc7 19. Nc5 Qd6 20. c3 e5 21.
Re1 exd4 22. exd4 b6 23. Re6 Qf8 24. Rxb6 axb6 25. Ne6 Qd6 26. Re1 Rxc3 27. Nc5
Bxb4 28. Re6 Qxe6 29. Qxc3 Bxc5 30. dxc5 Rxc5 31. Qd2 Qe2 0-1

[Event "XXV Weekend B"]
[Site "Robecchetto con Induno ITA"]
[Date "2014.12.29"]
[Round "5"]
[White "Monzeglio, Graziella"]
[Black "Loggia, Davide"]
[WhiteElo "1224"]
[BlackElo "1392"]
[Result "0-1"]
[PlyCount "48"]
[EventDate "2014.12.26"]

1. d4 d5 2. Nf3 e6 3. e3 c5 4. c3 Nf6 5. Nbd2 Nc6 6. Bd3 cxd4 7. Nxd4 Bd6 8.
Nxc6 bxc6 9. O-O Qc7 10. Re1 Bxh2+ 11. Kh1 Bd6 12. e4 dxe4 13. Nxe4 Nxe4 14.
Bxe4 Bb7 15. Qg4 O-O-O 16. Qxg7 Rdg8 17. Qh6 c5 18. f3 Bxe4 19. fxe4 Rg6 20.
Qh5 Qb7 21. Bg5 Rhg8 22. Qxh7 Rxg5 23. Rad1 Be5 24. a3 Rh8 0-1

[Event "XXV Weekend B"]
[Site "Robecchetto con Induno ITA"]
[Date "2014.12.29"]
[Round "5"]
[White "Nava, Mario"]
[Black "Valtemara, Mattia Angelo"]
[WhiteElo "1241"]
[BlackElo "1444"]
[Result "1/2-1/2"]
[PlyCount "72"]
[EventDate "2014.12.26"]

1. Nf3 Nf6 2. c4 c5 3. Nc3 Nc6 4. e3 g6 5. Be2 Bg7 6. O-O O-O 7. d4 cxd4 8.
exd4 e6 9. Be3 d5 10. Qc1 Re8 11. Bh6 Bh8 12. h3 dxc4 13. Bxc4 Nxd4 14. Nxd4
Qxd4 15. Bb5 Re7 16. Rd1 Qb6 17. a4 Bd7 18. Bc4 Bc6 19. Rb1 Rd7 20. Rxd7 Bxd7
21. Qf4 Nh5 22. Qf3 Rc8 23. Qd3 Qc7 24. Rd1 Be8 25. Bb5 a6 26. Bxe8 Rxe8 27.
Qd7 Qxd7 28. Rxd7 Bg7 29. Bxg7 Kxg7 30. Rxb7 Rd8 31. b4 Rd3 32. Ne4 Rd1+ 33.
Kh2 Nf6 34. Nxf6 Kxf6 35. b5 axb5 36. Rxb5 Ra1 1/2-1/2

[Event "XXV Weekend B"]
[Site "Robecchetto con Induno ITA"]
[Date "2014.12.29"]
[Round "5"]
[White "Negro, Andrea"]
[Black "Miracola, Giuseppe"]
[WhiteElo "1389"]
[BlackElo "1181"]
[Result "1-0"]
[PlyCount "115"]
[EventDate "2014.12.26"]

1. d4 e6 2. c4 d5 3. Nc3 Nf6 4. Nf3 h6 5. Bf4 a6 6. e3 c5 7. Bd3 Nc6 8. Bc2 Bd7
9. cxd5 exd5 10. dxc5 Bxc5 11. Nxd5 Qa5+ 12. Nc3 Bb4 13. Qd3 Rd8 14. O-O Be6
15. Nd4 Nxd4 16. exd4 Bd6 17. Bxd6 Rxd6 18. a3 O-O 19. Ne4 Bf5 20. Nxf6+ Rxf6
21. Qb3 Bxc2 22. Qxc2 Re8 23. Qc5 Qd2 24. Qc3 Qf4 25. Qd3 Rd6 26. Rfe1 Rde6 27.
Rxe6 fxe6 28. Qe3 Qf6 29. Qe5 Qg6 30. Re1 Qf7 31. d5 Rf8 32. Qxe6 Rd8 33. h3
Rf8 34. Kh2 Kh7 35. Qxf7 Rxf7 36. d6 Rd7 37. Rd1 Kg6 38. Kg3 Kf5 39. Kh4 g6 40.
g4+ Kf6 41. f4 g5+ 42. fxg5+ hxg5+ 43. Kg3 Kg6 44. Rd5 Kf6 45. h4 Ke6 46. Rxg5
Kxd6 47. h5 Ke6 48. Rg6+ Ke5 49. h6 Rd3+ 50. Kh4 Rd8 51. h7 Rh8 52. Rh6 Kf4 53.
Kh5 Ke5 54. Kg6 b5 55. Kg7 Rc8 56. h8=Q Rc7+ 57. Kg6+ Kd5 58. Qd8+ 1-0

[Event "XXV Weekend B"]
[Site "Robecchetto con Induno ITA"]
[Date "2014.12.29"]
[Round "5"]
[White "Pattano, Antonio"]
[Black "Pivari, Flavio"]
[WhiteElo "1437"]
[BlackElo "1476"]
[Result "0-1"]
[PlyCount "82"]
[EventDate "2014.12.26"]

1. e4 c5 2. Nf3 d6 3. Nc3 g6 4. d3 Bg7 5. Be2 Nf6 6. h3 O-O 7. Bd2 Bd7 8. O-O
b5 9. a3 Na6 10. Rb1 b4 11. axb4 cxb4 12. Na2 Rb8 13. Nc1 Nc5 14. Nd4 e5 15.
Ndb3 a5 16. Nxc5 dxc5 17. b3 Ne8 18. Bg5 Qxg5 19. Bg4 Bxg4 20. Qxg4 Qxg4 21.
hxg4 Nd6 22. Ne2 Nb5 23. Ra1 Ra8 24. Rfc1 Bh6 25. Rd1 Nd4 26. Nxd4 cxd4 27. g3
Rfc8 28. Ra2 Rc5 29. Re1 Rf8 30. Kg2 f5 31. gxf5 gxf5 32. f3 Be3 33. Re2 fxe4
34. fxe4 Rf7 35. g4 Kg7 36. Ra1 Kg6 37. Rf1 Rxf1 38. Kxf1 Kg5 39. Ke1 h6 40.
Rh2 Kxg4 41. Rxh6 Bxh6 0-1

[Event "XXV Weekend B"]
[Site "Robecchetto con Induno ITA"]
[Date "2014.12.29"]
[Round "5"]
[White "Rigotti, Gianluigi"]
[Black "Persico, Lorenzo"]
[WhiteElo "1564"]
[BlackElo "1408"]
[Result "1-0"]
[PlyCount "129"]
[EventDate "2014.12.26"]

1. e4 e5 2. Nf3 Nc6 3. Bb5 a6 4. Ba4 b5 5. Bb3 Bc5 6. Bxf7+ Kxf7 7. Nxe5+ Nxe5
8. Qh5+ Ke6 9. Qf5+ Kd6 10. f4 Qf6 11. fxe5+ Qxe5 12. Qf3 Bb7 13. d3 Qf6 14.
Bf4+ Ke7 15. Nc3 g5 16. Bxc7 Qxf3 17. gxf3 d6 18. Ba5 Rf8 19. Rf1 Kd7 20. O-O-O
b4 21. Na4 Ne7 22. Nxc5+ dxc5 23. d4 cxd4 24. Rxd4+ Ke6 25. Rxb4 Bc8 26. Rb6+
Kf7 27. Bc3 Rhg8 28. Rf6+ Ke8 29. Rh6 Rf7 30. Ba5 Rg6 31. Rh5 Ng8 32. h4 h6 33.
hxg5 Rxg5 34. Rhh1 Rxa5 35. f4 Bb7 36. Rhg1 Nf6 37. e5 Nd5 38. f5 Ne3 39. Rg8+
Ke7 40. f6+ Kd7 41. Rg7 Rxg7 42. fxg7 Bd5 43. Rf6 Bc4 44. e6+ Bxe6 45. Rxe6 Rg5
46. Rxe3 Rxg7 47. Rb3 Kc6 48. a4 h5 49. a5 Rb7 50. Rxb7 Kxb7 51. Kd2 Kc6 52.
Ke3 Kb5 53. Kf4 Kxa5 54. Kg5 Kb5 55. Kxh5 a5 56. Kg4 Kb4 57. Kf3 a4 58. Ke3 a3
59. bxa3+ Kxa3 60. Kd4 Kb4 61. c4 Ka5 62. Kd5 Kb6 63. Kd6 Kb7 64. c5 Kc8 65.
Kc6 1-0

[Event "XXV Weekend B"]
[Site "Robecchetto con Induno ITA"]
[Date "2014.12.29"]
[Round "5"]
[White "Ruggeri, Igor"]
[Black "Koureas, Panicos"]
[WhiteElo "1511"]
[BlackElo "1441"]
[Result "0-1"]
[PlyCount "74"]
[EventDate "2014.12.26"]

1. d4 d5 2. c4 e6 3. Nc3 Nf6 4. Bg5 Be7 5. e3 O-O 6. Nf3 Nbd7 7. Bd3 h6 8. Bh4
dxc4 9. Bxc4 b6 10. O-O Bb7 11. Re1 c5 12. d5 exd5 13. Nxd5 Nxd5 14. Bxe7 Nxe7
15. Be2 Ng6 16. Qc2 Qf6 17. Rad1 Nde5 18. e4 Nxf3+ 19. Bxf3 Nh4 20. Re3 Rad8
21. Rde1 Nxf3+ 22. Rxf3 Qd4 23. Rfe3 Qd2 24. Qa4 a6 25. R3e2 Qg5 26. Qb3 Qg6
27. Re3 Qe6 28. Qc3 Rfe8 29. Rg3 Qe5 30. Qc1 Re6 31. f4 Qd4+ 32. Rge3 Rxe4 33.
Kh1 Rxe3 34. Rxe3 Qxf4 35. Re8+ Kh7 36. Qc2+ Be4 37. Qxe4+ Qxe4 0-1

[Event "XXV Weekend B"]
[Site "Robecchetto con Induno ITA"]
[Date "2014.12.29"]
[Round "5"]
[White "Tonello, Bruno"]
[Black "Ossoli, Giuseppe"]
[WhiteElo "1383"]
[BlackElo "1541"]
[Result "1/2-1/2"]
[PlyCount "80"]
[EventDate "2014.12.26"]

1. d4 e6 2. e4 d5 3. Nc3 c5 4. Nf3 Nf6 5. Bg5 Be7 6. e5 Nfd7 7. Qd2 cxd4 8.
Bxe7 Qxe7 9. Qxd4 a6 10. Qf4 Nc6 11. Bd3 Nb4 12. O-O Nxd3 13. cxd3 b5 14. a3
Bb7 15. d4 Rc8 16. Rfc1 O-O 17. b4 f6 18. exf6 Rxf6 19. Qe3 Nb6 20. Ne5 Nc4 21.
Nxc4 bxc4 22. Na4 Rcf8 23. Rc3 Rxf2 24. Qxf2 Rxf2 25. Kxf2 Qf6+ 26. Kg1 Qxd4+
27. Kh1 Bc6 28. Rf1 Bxa4 29. Rcf3 h6 30. Rf4 Qb6 31. Rf8+ Kh7 32. R1f3 e5 33.
R8f7 Qd4 34. h3 Bc2 35. Rg3 Bg6 36. Rff3 e4 37. Rf4 Qe5 38. Rfg4 Qe6 39. h4 h5
40. Rf4 Qe5 1/2-1/2

[Event "XXV Weekend B"]
[Site "Robecchetto con Induno ITA"]
[Date "2014.12.29"]
[Round "5"]
[White "Vitale, Piero"]
[Black "Della Peruta, Lorenzo"]
[WhiteElo "1359"]
[BlackElo "1522"]
[Result "0-1"]
[PlyCount "84"]
[EventDate "2014.12.26"]

1. d4 d5 2. Nf3 Nf6 3. e3 Bf5 4. h3 e6 5. Nbd2 Bd6 6. c4 c6 7. c5 Bc7 8. b4 O-O
9. Nh4 Bg6 10. Nxg6 fxg6 11. Bd3 e5 12. Bb2 e4 13. Be2 Nbd7 14. a4 b6 15. f4
exf3 16. Nxf3 Re8 17. Bc1 Bg3+ 18. Kf1 bxc5 19. bxc5 Ne4 20. Kg1 Nf2 21. Qf1
Nxh1 22. Kxh1 Rb8 23. Nh2 Bxh2 24. Kxh2 Qc7+ 25. Kh1 Qg3 26. Bg4 Nf6 27. Qf3
Qxf3 28. Bxf3 Ne4 29. Kg1 Nc3 30. Bg4 Re7 31. Ra3 Ne4 32. Ra1 Reb7 33. Kh2 Rb1
34. Rxb1 Rxb1 35. Ba3 Nf2 36. Bd7 Rh1+ 37. Kg3 Ne4+ 38. Kf4 Rf1+ 39. Ke5 Rf6
40. g4 g5 41. Bb4 Nf2 42. Ba5 Nd3# 0-1

[Event "XXV Weekend B"]
[Site "Robecchetto con Induno ITA"]
[Date "2014.12.29"]
[Round "6"]
[White "Beltrami, Jacopo"]
[Black "Vitale, Aurora"]
[WhiteElo "1642"]
[BlackElo "1410"]
[Result "0-1"]
[PlyCount "44"]
[EventDate "2014.12.26"]

1. e4 e5 2. Nf3 Nc6 3. Bc4 Bc5 4. O-O Nf6 5. d4 exd4 6. e5 Ng4 7. Bxf7+ Kf8 8.
Bh5 Ncxe5 9. Nxe5 Nxe5 10. Re1 d6 11. f4 Ng6 12. Qd3 Qf6 13. Qe4 Bf5 14. Qxb7
Rc8 15. Nd2 Qh4 16. Nf3 Qxh5 17. b4 Bb6 18. Qd5 Bg4 19. Ng5 Ne7 20. Ne6+ Kf7
21. Ng5+ Kf8 22. h3 d3+ 0-1

[Event "XXV Weekend B"]
[Site "Robecchetto con Induno ITA"]
[Date "2014.12.29"]
[Round "6"]
[White "Bonuglia, Gabriele"]
[Black "Minore, Antonino"]
[WhiteElo "1428"]
[BlackElo "1291"]
[Result "1-0"]
[PlyCount "55"]
[EventDate "2014.12.26"]

1. e4 c5 2. Nf3 Nc6 3. Bc4 e6 4. Nc3 a6 5. a4 Nf6 6. d4 cxd4 7. Nxd4 Bb4 8.
Nxc6 bxc6 9. Bg5 O-O 10. e5 Qa5 11. Qf3 Qxe5+ 12. Qe3 Qxe3+ 13. Bxe3 d5 14. Be2
Ne4 15. O-O Bxc3 16. bxc3 Nxc3 17. Bd3 a5 18. f3 Ba6 19. Bxa6 Rxa6 20. Rfe1 Rb8
21. Bd4 Nxa4 22. Rxa4 Rb4 23. Rxb4 axb4 24. Rb1 Ra4 25. Bc5 g6 26. Bxb4 h5 27.
Bc3 c5 28. Rb8+ 1-0

[Event "XXV Weekend B"]
[Site "Robecchetto con Induno ITA"]
[Date "2014.12.29"]
[Round "6"]
[White "Carando, Enrica"]
[Black "Monzeglio, Graziella"]
[WhiteElo "1362"]
[BlackElo "1224"]
[Result "1-0"]
[PlyCount "63"]
[EventDate "2014.12.26"]

1. e4 d5 2. exd5 Qxd5 3. Nc3 Qe5+ 4. Qe2 Qxe2+ 5. Bxe2 Bf5 6. d3 Nd7 7. Be3
Ngf6 8. Nf3 e5 9. Nb5 Nd5 10. O-O Bc5 11. Bxc5 Nxc5 12. Nxe5 O-O 13. Bf3 Be6
14. Bxd5 Bxd5 15. Nxc7 Rad8 16. Nxd5 Rxd5 17. Rfe1 f6 18. Nf3 Na6 19. a3 Nc5
20. Re7 Rd7 21. Rxd7 Nxd7 22. Re1 Rc8 23. Nd4 a6 24. Re7 Nc5 25. Kf1 b5 26. Nf5
Kf8 27. Rxg7 h5 28. Rh7 Rc6 29. Rh8+ Kf7 30. Rxh5 Kg6 31. g4 Ne6 32. Ne7+ 1-0

[Event "XXV Weekend B"]
[Site "Robecchetto con Induno ITA"]
[Date "2014.12.29"]
[Round "6"]
[White "Cazzola, Franco"]
[Black "Loaldi, Davide"]
[WhiteElo "1576"]
[BlackElo "1590"]
[Result "0-1"]
[PlyCount "118"]
[EventDate "2014.12.26"]

1. d4 Nf6 2. Nf3 d6 3. e3 g6 4. Bd3 Bg7 5. Nbd2 O-O 6. O-O Nc6 7. c3 Re8 8. e4
a6 9. h3 e5 10. d5 Ne7 11. Nh2 Nh5 12. Ndf3 Nf4 13. Bxf4 exf4 14. Qd2 Bh6 15.
Ng4 Bxg4 16. hxg4 g5 17. Nd4 Ng6 18. Nf5 Bg7 19. f3 Ne5 20. Kf2 Ng6 21. Rh1 Nh4
22. Nxh4 gxh4 23. Qxf4 Be5 24. Qh6 Bg3+ 25. Ke2 Qe7 26. f4 Qf8 27. Qxf8+ Rxf8
28. Ke3 Rae8 29. b4 f5 30. gxf5 Rxf5 31. Rhf1 Rf6 32. Rac1 Ref8 33. f5 Kg7 34.
c4 Be5 35. c5 Rh6 36. Rf3 Bf6 37. Ke2 Be5 38. c6 b6 39. Bxa6 Ra8 40. Bc4 Ra4
41. Rb1 Rh5 42. Bb5 Rxa2+ 43. Kf1 Rg5 44. Rf2 Ra3 45. Bc4 Rgg3 46. Be2 h3 47.
gxh3 Rxh3 48. Rg2+ Kf6 49. b5 Rh4 50. Rd1 Rxe4 51. Rf2 Rh4 52. Rg2 Raa4 53. Rd3
Rh1+ 54. Kf2 Rf4+ 55. Ke3 Rh3+ 56. Kd2 Rhh4 57. Ra3 Rd4+ 58. Kc2 Rxd5 59. Ra7
Rc5+ 0-1

[Event "XXV Weekend B"]
[Site "Robecchetto con Induno ITA"]
[Date "2014.12.29"]
[Round "6"]
[White "Cella, Pietro"]
[Black "Bolognese, Leonardo"]
[WhiteElo "1466"]
[BlackElo "1488"]
[Result "1/2-1/2"]
[PlyCount "73"]
[EventDate "2014.12.26"]

1. d4 d5 2. c4 c6 3. Nf3 Nf6 4. Nc3 dxc4 5. a4 e6 6. e3 Bb4 7. Bxc4 Nbd7 8. Bd2
Nb6 9. Bd3 Nbd5 10. Nxd5 Bxd2+ 11. Nxd2 exd5 12. O-O O-O 13. Rc1 Re8 14. Nb3
Ne4 15. Nc5 Nxc5 16. Rxc5 Qg5 17. Kh1 Bg4 18. Qb3 Rab8 19. Qc2 g6 20. h3 Bf5
21. Bxf5 Qxf5 22. Qxf5 gxf5 23. g3 Re6 24. Rcc1 a6 25. b4 b6 26. Rb1 Rc8 27.
Rfc1 Re7 28. Rb2 Rec7 29. Rbc2 b5 30. a5 Kf8 31. Kg2 Ke7 32. Kf3 Ke6 33. Kf4
Kf6 34. Rc5 Ke6 35. R1c2 Kf6 36. Rc1 h5 37. h4 1/2-1/2

[Event "XXV Weekend B"]
[Site "Robecchetto con Induno ITA"]
[Date "2014.12.29"]
[Round "6"]
[White "Ciochetta, Giovanni"]
[Black "Negro, Andrea"]
[WhiteElo "1587"]
[BlackElo "1389"]
[Result "1-0"]
[PlyCount "125"]
[EventDate "2014.12.26"]

1. e4 c5 2. c3 Nf6 3. e5 Nd5 4. Bc4 Nb6 5. Bb3 Nc6 6. Nf3 d6 7. exd6 exd6 8.
O-O Be7 9. Re1 O-O 10. d4 Bg4 11. dxc5 dxc5 12. Qxd8 Raxd8 13. Bf4 Nd5 14. Bg3
Nf6 15. Ba4 Bd6 16. Bxc6 Bxg3 17. Bxb7 Rb8 18. fxg3 Rxb7 19. b3 Rd7 20. Na3
Bxf3 21. gxf3 Rd3 22. f4 Rxc3 23. Nb5 Rc2 24. Rec1 Rxc1+ 25. Rxc1 a6 26. Nc7
Ne4 27. Nxa6 Rc8 28. Rc4 f5 29. b4 Ra8 30. Nxc5 Rxa2 31. Nxe4 fxe4 32. Rxe4 Rb2
33. h4 Kf7 34. g4 Rb3 35. Kf2 h6 36. Rc4 g6 37. Rc7+ Kf6 38. Rb7 Rh3 39. Rb8
Rxh4 40. Kf3 Rh3+ 41. Ke4 Rb3 42. b5 Rb1 43. b6 Rb5 44. Kd4 Rb1 45. Kc5 Rc1+
46. Kd6 Rd1+ 47. Kc7 Rc1+ 48. Kb7 Kg7 49. Rc8 Rb1 50. Rc6 Rb4 51. f5 Rxg4 52.
Rxg6+ Rxg6 53. fxg6 Kxg6 54. Kc7 Kg5 55. b7 Kg4 56. b8=Q h5 57. Qg8+ Kh3 58.
Qg1 h4 59. Qh1+ Kg3 60. Kd6 h3 61. Ke5 Kg4 62. Qh2 Kh4 63. Kf5 1-0

[Event "XXV Weekend B"]
[Site "Robecchetto con Induno ITA"]
[Date "2014.12.29"]
[Round "6"]
[White "Colombo, Abner"]
[Black "Tonello, Bruno"]
[WhiteElo "1307"]
[BlackElo "1383"]
[Result "1-0"]
[PlyCount "115"]
[EventDate "2014.12.26"]

1. e4 e5 2. Nf3 Nc6 3. d4 exd4 4. Nxd4 d6 5. Bc4 Ne5 6. Bb3 Be7 7. h3 Nf6 8.
Nc3 Bd7 9. Qe2 a6 10. f4 Nc6 11. Qc4 O-O 12. Be3 Nxd4 13. Bxd4 Be6 14. Nd5 c6
15. Nxe7+ Qxe7 16. Qe2 Bxb3 17. axb3 Qxe4 18. Qxe4 Nxe4 19. O-O-O c5 20. Be3
Rad8 21. Rhe1 Rfe8 22. g4 b6 23. h4 d5 24. c3 a5 25. g5 f6 26. f5 Re5 27. Bf4
Rxf5 28. Rxe4 fxg5 29. hxg5 Rdf8 30. Re6 Rxf4 31. Rxb6 R8f5 32. Rb5 Rxg5 33.
Rxc5 h6 34. Rxa5 Rf2 35. b4 Rgg2 36. b5 Rc2+ 37. Kb1 Rxb2+ 38. Ka1 Rbc2 39. b6
Rxc3 40. Ra8+ Kh7 41. b7 Rb3 42. b8=Q Rxb8 43. Rxb8 Rg5 44. Rd8 h5 45. Kb2 Rg2+
46. Kc3 Rg3+ 47. Kd4 Rg5 48. Rxd5 Rxd5+ 49. Kxd5 Kh6 50. Ke4 g6 51. Kf3 Kg5 52.
Rd5+ Kh6 53. Kf4 Kg7 54. Kg5 Kf7 55. Ra5 Kg7 56. Ra7+ Kg8 57. Kxg6 h4 58. Ra8#
1-0

[Event "XXV Weekend B"]
[Site "Robecchetto con Induno ITA"]
[Date "2014.12.29"]
[Round "6"]
[White "Della Peruta, Lorenzo"]
[Black "Koureas, Panicos"]
[WhiteElo "1522"]
[BlackElo "1441"]
[Result "1-0"]
[PlyCount "97"]
[EventDate "2014.12.26"]

1. e4 e5 2. Nf3 Nc6 3. Bc4 Nf6 4. d3 Be7 5. Nc3 d6 6. h3 O-O 7. Be3 Be6 8. Bb3
Bxb3 9. axb3 b6 10. O-O h6 11. Qe2 d5 12. exd5 Nxd5 13. Bd2 Bf6 14. Nxd5 Qxd5
15. Qe4 Ne7 16. Qxd5 Nxd5 17. Rfe1 Rfe8 18. c4 Nf4 19. Bxf4 exf4 20. Rxe8+ Rxe8
21. Rxa7 Re7 22. d4 Rd7 23. b4 Kh7 24. c5 bxc5 25. bxc5 Kg6 26. Ne5+ Bxe5 27.
dxe5 Kf5 28. b4 Kxe5 29. b5 Rd1+ 30. Kh2 Rb1 31. Rb7 Kd5 32. b6 cxb6 33. cxb6
Kc6 34. Rxf7 g5 35. Rf6+ Kb7 36. Rxh6 Rf1 37. f3 Re1 38. Rh5 Re6 39. Rxg5 Rf6
40. Rb5 Rh6 41. Rb4 Rh4 42. Kg1 Rh6 43. Kf2 Rg6 44. Rxf4 Kxb6 45. g4 Kc6 46.
Re4 Kd5 47. h4 Re6 48. Rxe6 Kxe6 49. f4 1-0

[Event "XXV Weekend B"]
[Site "Robecchetto con Induno ITA"]
[Date "2014.12.29"]
[Round "6"]
[White "Gonella, Graziano"]
[Black "Vitale, Piero"]
[WhiteElo "1174"]
[BlackElo "1359"]
[Result "1-0"]
[PlyCount "55"]
[EventDate "2014.12.26"]

1. e4 c5 2. Nf3 Nc6 3. d4 e6 4. Be3 b6 5. Bd3 Bb7 6. O-O d6 7. Nbd2 h6 8. c3
cxd4 9. cxd4 Nge7 10. a3 d5 11. exd5 Nxd5 12. Re1 Nxe3 13. Rxe3 Nxd4 14. Nxd4
Qxd4 15. Bb5+ Ke7 16. Rd3 Qxb2 17. Rd7+ Kf6 18. Rxb7 Qxb5 19. Ne4+ Ke5 20. Qf3
f5 21. Nc3 Qb2 22. Re1+ Kf6 23. Qg3 Bc5 24. Qe5+ Kg5 25. Rxg7+ Kh5 26. Qg3
Bxf2+ 27. Qxf2 Qxc3 28. Qe2+ 1-0

[Event "XXV Weekend B"]
[Site "Robecchetto con Induno ITA"]
[Date "2014.12.29"]
[Round "6"]
[White "Loggia, Davide"]
[Black "Cavagna, Marco"]
[WhiteElo "1392"]
[BlackElo "1516"]
[Result "1-0"]
[PlyCount "53"]
[EventDate "2014.12.26"]

1. c4 e5 2. g3 Nf6 3. Bg2 c6 4. Nc3 Bc5 5. d3 d6 6. Nf3 h6 7. O-O Be6 8. a3
Nbd7 9. e3 O-O 10. b4 Bb6 11. Bb2 c5 12. b5 e4 13. Nd2 exd3 14. Bxb7 Rb8 15.
Bg2 Ne5 16. Qb3 Bc7 17. Rac1 a6 18. a4 Ba5 19. Rfd1 axb5 20. axb5 Rb6 21. Na4
Rb8 22. f4 Ned7 23. Qxd3 Qc7 24. Nb3 Ne8 25. Ra1 Bg4 26. Rdc1 Nb6 27. Nxa5 1-0

[Event "XXV Weekend B"]
[Site "Robecchetto con Induno ITA"]
[Date "2014.12.29"]
[Round "6"]
[White "Madaschi, Sergio"]
[Black "Bignami, Matteo"]
[WhiteElo "1498"]
[BlackElo "1536"]
[Result "0-1"]
[PlyCount "56"]
[EventDate "2014.12.26"]

1. e4 e5 2. Nf3 Nc6 3. Bb5 Bc5 4. c3 Nf6 5. O-O d6 6. Re1 O-O 7. h3 Ne7 8. d4
Bb6 9. dxe5 dxe5 10. Qxd8 Rxd8 11. Nxe5 Nxe4 12. Nd3 Rxd3 13. Bxd3 Bxf2+ 14.
Kf1 Bxe1 15. Kxe1 Nc5 16. Bc2 h6 17. Be3 Ne6 18. Nd2 b6 19. Be4 c6 20. Rd1 f5
21. Bf3 f4 22. Bf2 Nd5 23. Nc4 Ba6 24. Rd2 Ng5 25. Bxd5+ cxd5 26. Rxd5 Bb7 27.
Rd7 Bxg2 28. h4 Nh3 0-1

[Event "XXV Weekend B"]
[Site "Robecchetto con Induno ITA"]
[Date "2014.12.29"]
[Round "6"]
[White "Miracola, Giuseppe"]
[Black "Castoldi, Andrea"]
[WhiteElo "1181"]
[BlackElo "1419"]
[Result "0-1"]
[PlyCount "66"]
[EventDate "2014.12.26"]

1. e4 c6 2. Nc3 d5 3. d4 dxe4 4. Nxe4 Nd7 5. Bc4 Ngf6 6. Qf3 e6 7. Bg5 Be7 8.
Nxf6+ Nxf6 9. c3 Nd5 10. Bxe7 Qxe7 11. Qg3 O-O 12. Nf3 Nf6 13. O-O c5 14. Rad1
cxd4 15. Rxd4 Rd8 16. Bd3 Rxd4 17. cxd4 Bd7 18. Rc1 Bc6 19. Rc5 Ne4 20. Bxe4
Bxe4 21. Ng5 Bc6 22. Rc3 Rd8 23. Rd3 Qb4 24. f3 g6 25. h3 Rxd4 26. Qc7 Be8 27.
Qc8 Rxd3 28. Qxe8+ Qf8 29. Nxh7 Qxe8 30. Nf6+ Kf8 31. Nxe8 Kxe8 32. Kf2 Rd2+
33. Kg3 Rxb2 0-1

[Event "XXV Weekend B"]
[Site "Robecchetto con Induno ITA"]
[Date "2014.12.29"]
[Round "6"]
[White "Nava, Mario"]
[Black "Rigotti, Gianluigi"]
[WhiteElo "1241"]
[BlackElo "1564"]
[Result "0-1"]
[PlyCount "92"]
[EventDate "2014.12.26"]

1. Nf3 f5 2. d4 Nf6 3. c4 g6 4. Nc3 Bg7 5. g3 O-O 6. Bg2 d6 7. O-O c6 8. Bd2
Nbd7 9. Nh4 Nb6 10. c5 Nc4 11. cxd6 exd6 12. Bf4 d5 13. Rb1 h6 14. Nf3 g5 15.
Bc1 Ne4 16. Nxe4 fxe4 17. b3 exf3 18. exf3 Nd6 19. f4 gxf4 20. Bxf4 Nb5 21. Be5
Bxe5 22. dxe5 Nc3 23. Qc2 Ne4 24. Bxe4 dxe4 25. Qxe4 Bf5 26. Qc4+ Qd5 27. Qxd5+
cxd5 28. Rb2 Be4 29. Re1 Rf3 30. Rc1 Raf8 31. Rc7 R8f7 32. Rc8+ Kg7 33. Rd8 Rd3
34. Rb1 Rd2 35. e6 Rfxf2 36. Rd7+ Kf6 37. Rf7+ Kxe6 38. Rxf2 Rxf2 39. Ra1 Rg2+
40. Kf1 Rxh2 41. Re1 Rh1+ 42. Kf2 Rh2+ 43. Ke3 Rxa2 44. Re2 Rxe2+ 45. Kxe2 d4
46. b4 Kd5 0-1

[Event "XXV Weekend B"]
[Site "Robecchetto con Induno ITA"]
[Date "2014.12.29"]
[Round "6"]
[White "Ossoli, Giuseppe"]
[Black "Persico, Lorenzo"]
[WhiteElo "1541"]
[BlackElo "1408"]
[Result "1/2-1/2"]
[PlyCount "120"]
[EventDate "2014.12.26"]

1. e4 e5 2. f4 exf4 3. Bc4 Nc6 4. Nf3 Bc5 5. d4 Bb6 6. Bxf4 Nf6 7. Nc3 d6 8.
Qd2 Bg4 9. d5 Bxf3 10. gxf3 Ne5 11. Be2 Ng6 12. Bg3 Nh5 13. O-O-O Nxg3 14. hxg3
Qf6 15. Na4 O-O-O 16. Nxb6+ cxb6 17. Qb4 Qg5+ 18. Kb1 Qxg3 19. Qc3+ Kb8 20.
Qxg7 Qe5 21. Qxf7 Rdf8 22. Qd7 Qf4 23. Rxh7 Rxh7 24. Qxh7 Nh4 25. Qh5 Nxf3 26.
Bxf3 Qxf3 27. Qxf3 Rxf3 28. Re1 Kc7 29. b3 b5 30. e5 dxe5 31. Rxe5 Rf1+ 32. Kb2
Rd1 33. Re7+ Kc8 34. c4 bxc4 35. bxc4 a6 36. Kb3 b6 37. Ra7 a5 38. Kc2 Ra1 39.
Kb2 Rf1 40. Kc2 Ra1 41. Kb2 Rf1 42. a3 Rf3 43. c5 bxc5 44. Rxa5 Rd3 45. Rxc5+
Kb7 46. a4 Kb6 47. Rb5+ Ka6 48. Kc2 Ra3 49. d6 Rxa4 50. Rd5 Rc4+ 51. Kd3 Rc8
52. Kd4 Kb6 53. Rc5 Kb7 54. Rxc8 Kxc8 55. Kd5 Kd7 56. Kc5 Kd8 57. Kc6 Kc8 58.
Kd5 Kd7 59. Ke5 Kd8 60. Ke6 Ke8 1/2-1/2